The British and Irish Ruling Class 1660-1945 Vol. 2.

Bibliographic Details
Main Author: Wasson, Ellis A.
Format: eBook
Language:English
Published: Warschau/Berlin : Walter de Gruyter GmbH, 2017.
Edition:1st ed.
Subjects:
Online Access:Click to View
LEADER 01671nam a22003733i 4500
001 EBC5494918
003 MiAaPQ
005 20231204023214.0
006 m o d |
007 cr cnu||||||||
008 231204s2017 xx o ||||0 eng d
020 |a 9783110562392  |q (electronic bk.) 
020 |z 9783110562385 
035 |a (MiAaPQ)EBC5494918 
035 |a (Au-PeEL)EBL5494918 
035 |a (OCoLC)1136959581 
040 |a MiAaPQ  |b eng  |e rda  |e pn  |c MiAaPQ  |d MiAaPQ 
082 0 |a 328.41092/2 
100 1 |a Wasson, Ellis A. 
245 1 4 |a The British and Irish Ruling Class 1660-1945 Vol. 2. 
250 |a 1st ed. 
264 1 |a Warschau/Berlin :  |b Walter de Gruyter GmbH,  |c 2017. 
264 4 |c Ã2021. 
300 |a 1 online resource (910 pages) 
336 |a text  |b txt  |2 rdacontent 
337 |a computer  |b c  |2 rdamedia 
338 |a online resource  |b cr  |2 rdacarrier 
505 0 |a Intro -- Contents -- The Entries -- Abbreviations -- List of Parliamentary Families -- M -- N -- O -- P -- R -- S -- T -- U -- V -- W -- Y -- Bibliography -- Appendices -- Indexes. 
588 |a Description based on publisher supplied metadata and other sources. 
590 |a Electronic reproduction. Ann Arbor, Michigan : ProQuest Ebook Central, 2023. Available via World Wide Web. Access may be limited to ProQuest Ebook Central affiliated libraries.  
655 4 |a Electronic books. 
776 0 8 |i Print version:  |a Wasson, Ellis A.  |t The British and Irish Ruling Class 1660-1945 Vol. 2  |d Warschau/Berlin : Walter de Gruyter GmbH,c2017  |z 9783110562385 
797 2 |a ProQuest (Firm) 
856 4 0 |u https://ebookcentral.proquest.com/lib/matrademy/detail.action?docID=5494918  |z Click to View